000
00327 a2200145 4500
001
170404
020
_a
040
_c
Magnum
100
_a
Ashworth, Julie
240
1
0
_a
Goldilocks and the three bears
_l
ING
245
1
0
_a
Goldilocks and the three bears
362
0
_a
1899
697
_a
LITERATURA ESTRANGEIRA
942
_c
BK
999
_c
170404
_d
170404